| 000 | 00911nam a22003017a 4500 | ||
|---|---|---|---|
| 001 | BR0305401 | ||
| 003 | BR-BrBNA | ||
| 005 | 20230928101423.0 | ||
| 007 | ta | ||
| 008 | 230509b bl.||||| |||| 00| 0 por d | ||
| 040 |
_aBR-BrBNA _bpor _cBiblioteca Nacional de Agricultura |
||
| 041 | _a(Por) | ||
| 072 |
_aF30 _b2230 |
||
| 090 | _ 2230 BR0305401 | ||
| 100 | 1 | _aSousa, J.A. de | |
| 110 | 1 |
_aUniversidade Federal de Lavras, MG (Brasil) _0Tese (Doutorado) |
|
| 245 | 1 | _aEstimação de parâmetros genéticos em um dialelo de pimenta (Capsicum chinense Jacq.) | |
| 260 | 3 |
_aLavras, MG (Brasil): _c1998. |
|
| 300 | _a91 p. | ||
| 500 | _aSummaries (Eng, Por); Bibliography p. 85-91; 17 tables; 8 illus. | ||
| 650 | _aPIMENTA | ||
| 650 | _aCRUZAMENTO DIALELICO | ||
| 650 | _aHETEROSE | ||
| 650 | _aHÍBRIDO | ||
| 650 | _aPARÂMETRO GENÉTICO | ||
| 909 |
_a202309 _bLucia _c55 _dLucia Elande |
||
| 942 | _cBK | ||
| 999 |
_c65738 _d65738 |
||